MLB: All Decade Teams-2000s - Statistics

General Stats
  • This quiz has been taken 197 times
  • The average score is 8 of 14
Answer Stats
Position Player % Correct
Third Base Alex Rodriguez
93%
Shortstop Derek Jeter
91%
First Base Albert Pujols
77%
Starting Pitcher Randy Johnson
76%
Outfield Barry Bonds
74%
Relief Pitcher Mariano Rivera
74%
Starting Pitcher Pedro Martinez
68%
Starting Pitcher Roy Halladay
51%
Catcher Jorge Posada
49%
Outfield Ichiro Suzuki
46%
Starting Pitcher Curt Schilling
43%
Starting Pitcher Johan Santana
35%
Second Base Chase Utley
34%
Outfield Carlos Beltran
29%
No matching quizzes found
Score Distribution
Percent of People with Each Score
Percentile by Number Answered
Your Score History
You have not taken this quiz